Statistiques concernant Prénoms masculins les plus donnés en 2018

Cliquez ici pour prendre le quiz!

Statistiques générales

  • Ce quiz a été pris 991 fois
  • Le résultat moyen est 51 sur 100

Statistiques - réponses

Réponse% Correct
L5Léo
94%
J1Jules
92%
L2Louis
92%
P15Paul
89%
N8Nathan
85%
L7Lucas
84%
T56Thomas
84%
T17Théo
83%
G4Gabriel
81%
A19Antoine
80%
H13Hugo
79%
M35Maxime
78%
T21Tom
77%
V12Valentin
77%
A47Alexandre
76%
N79Noa
75%
V31Victor
74%
R3Raphaël
71%
M14Mathis
70%
N23Noé
70%
A59Alexis
68%
A9Arthur
68%
L39Léon
68%
W46William
68%
E24Enzo
67%
M75Maé
67%
M45Mathéo
67%
N22Noah
67%
B32Baptiste
66%
E10Ethan
66%
C20Clément
65%
S28Simon
64%
A38Axel
62%
T16Timéo
62%
M6Maël
61%
M34Martin
61%
B33Benjamin
59%
M27Maxence
59%
Y96Yann
59%
B57Bastien
58%
G29Gabin
58%
L30Liam
58%
E85Elio
57%
M66Mattéo
57%
A82Adrien
56%
K89Kylian
56%
S81Samuel
56%
E44Evan
55%
N41Nolan
54%
S25Sacha
52%
M77Milo
51%
T70Timothé
51%
E18Eliott
50%
M11Malo
50%
R26Robin
50%
E86Emile
49%
M76Matéo
49%
T69Thibault
49%
A37Adam
48%
G62Gaspard
48%
N40Nino
48%
A72Antonin
47%
E61Estéban
47%
M51Marius
41%
M52Mathys
41%
A43Augustin
40%
L50Louka
40%
M67Milan
38%
A36Aaron
37%
P92Pablo
36%
T58Tiago
36%
N68Naël
35%
N78Nathanaël
35%
S55Sasha
35%
C98Charly
34%
D99Dorian
34%
T94Téo
34%
D84Diego
32%
L74Lorenzo
32%
C83Côme
30%
E100Edouard
30%
L90Lois
30%
S93Soan
29%
L63Leny
28%
L64Loan
28%
A48Amaury
27%
L91Lyam
27%
E87Ewen
23%
L42Léandro
23%
L73Livio
23%
M65Mahé
23%
N80Noham
20%
O53Owen
20%
A97Alessio
18%
S54Sandro
16%
J71Julyann
14%
A60Ayden
13%
L49Lisandro
13%
T95Tino
11%
E88Ezio
10%

Distribution des résultats

Percentile par nombre de réponses

% des personnes avec chaque résultat

Votre développement - résultats

Vous n’avez pas pris ce quiz